<?xml version="1.0" encoding="UTF-8"?>
<collection xmlns="http://www.loc.gov/MARC21/slim">
 <record>
  <leader>00427nab a2200145 i 4500</leader>
  <controlfield tag="001">bibPRO00007231</controlfield>
  <controlfield tag="008">060524s1993    xx                  hun  </controlfield>
  <datafield tag="040" ind1=" " ind2=" ">
   <subfield code="a">Sz1</subfield>
  </datafield>
  <datafield tag="041" ind1=" " ind2=" ">
   <subfield code="a">hun</subfield>
  </datafield>
  <datafield tag="100" ind1="1" ind2=" ">
   <subfield code="a">TERÉNYI Ede</subfield>
  </datafield>
  <datafield tag="245" ind1="1" ind2="1">
   <subfield code="a">(Meg)Emlékezések sodrában. Mentség és tanulság. Benedek Kálmán emlékezete</subfield>
   <subfield code="c">TERÉNYI Ede</subfield>
  </datafield>
  <datafield tag="695" ind1=" " ind2=" ">
   <subfield code="a">in memoriam</subfield>
  </datafield>
  <datafield tag="695" ind1=" " ind2=" ">
   <subfield code="a">zenetörténet</subfield>
  </datafield>
  <datafield tag="695" ind1=" " ind2=" ">
   <subfield code="a">BENEDEK Kálmán</subfield>
  </datafield>
  <datafield tag="773" ind1="0" ind2=" ">
   <subfield code="t">Helikon. -</subfield>
   <subfield code="g">3 sz., 1993, 23 p.</subfield>
  </datafield>
 </record>
</collection>
